000 00367nam a2200133Ia 4500
008 211109s9999||||xx |||||||||||||| ||und||
082 _a891.2
_bRAV-V
100 _aRavi Varma, L A
245 0 _aVakyapadya 3rd Khanda, Paet Ii
260 _bGovt Press
_aThiruvananthapuram
_c1942
630 _xGeneral Stack
650 _aSanskrit Literature
_xGeneralia
942 _cBOOK
999 _c23797
_d23797